00896nam a2200265Ia 4500001000600000003000500006008004100011010001100052040000900063082001300072100009700085245005200182260005800234300001100292650002600303650008600329650004200415901001300457902000600470910000900476942000600485942000700491999001900498952011300517Z_207CHAP220113s1973 xx 000 0 und d a163180 cCHAP a633.2 W6 aWorkshop of the United States/Australia Rangelands panell (3: 1973: Tucson, Arizona)9137445 aProceedings: arid shrublands /cby D. N. Hyder aDenver, Colo. :bSociety for Range Management,c1973 a148 p. aArboles como forraje  aArbustosxRegiones áridas I. Society for Range Management. Denver, Colo9137446 aPastizalesxRegiones áridas 985958 a633.2 W6 aM a1973 c1 cc1 c163180d163180 00102ddc40708GRALaZbZc3d2005-11-09l1pz_0750r2023-02-14 00:00:00s2023-02-14t1w2022-01-18yLIBRO